000 00216nam a22000857a 4500
008 161213b xxu||||| |||| 00| 0 eng d
100 _92027
_aTulsi.V.etal.
245 _aEnglish Work Book-II
260 _aNew Delhi
_bAPC
_c2009
999 _c4903
_d4903